Statistics for Spanish Vocabulary Words That Start With J

Click here to take the quiz!

General Stats

  • This quiz has been taken 2,350 times
  • The average score is 15 of 20

Answer Stats

English español % Correct
Julyjulio
97%
Junejunio
95%
Thursdayjueves
94%
gardenjardín
93%
youngjoven
93%
hamjamón
92%
to playjugar
92%
bossjefe
90%
juicejugo
86%
Japanjapón
81%
gamejuego
81%
togetherjuntos
80%
soapjabón
76%
playerjugador
72%
giraffejirafa
65%
to justifyjustificar
64%
judgejuez
53%
toyjuguete
39%
youthjuventud
39%
retiredjubilado
37%

Score Distribution

Percentile by Number Answered

Percent of People with Each Score

Your Score History

You have not taken this quiz